000
00274nam a2200109Ia 4500
008
230907s9999||||xx |||||||||||||| ||und||
082
_a
658.2
_b
ROB
100
_a
Robinson, Tony,
_9
115791
245
0
_a
High-performance buildings :
300
_a
xix, 398 pages ;
942
_c
BK
999
_c
599561
_d
599561